Research and education : (Record no. 367703)
[ view plain ]
| 000 -LEADER | |
|---|---|
| fixed length control field | 02004nam a22002057a 4500 |
| 003 - CONTROL NUMBER IDENTIFIER | |
| control field | 0 |
| 005 - DATE AND TIME OF LATEST TRANSACTION | |
| control field | 20250829165631.0 |
| 008 - FIXED-LENGTH DATA ELEMENTS--GENERAL INFORMATION | |
| fixed length control field | 250829b xxu||||| |||| 00| 0 eng d |
| 020 ## - INTERNATIONAL STANDARD BOOK NUMBER | |
| International Standard Book Number | 978-1-032-94210-0 |
| 050 ## - LIBRARY OF CONGRESS CALL NUMBER | |
| Classification number | LB 1028 |
| Item number | .R47 2025 |
| 245 ## - TITLE STATEMENT | |
| Title | Research and education : |
| Remainder of title | an introduction to methods, approaches and processes / |
| Statement of responsibility, etc | Sam Shields, Alina Schartner, Will Curtis and Mark Murphy. |
| 250 ## - EDITION STATEMENT | |
| Edition statement | Second edition. |
| 260 ## - PUBLICATION, DISTRIBUTION, ETC. (IMPRINT) | |
| Place of publication, distribution, etc | New York, NY : |
| Name of publisher, distributor, etc | Routledge, |
| Date of publication, distribution, etc | 2025. |
| 300 ## - PHYSICAL DESCRIPTION | |
| Extent | vi, 206 pages ; |
| Dimensions | 25 cm. |
| 440 ## - SERIES STATEMENT/ADDED ENTRY--TITLE | |
| Title | Foundations of education studies. |
| 504 ## - BIBLIOGRAPHY, ETC. NOTE | |
| Bibliography, etc | Includes bibliographical references and index. |
| 520 ## - SUMMARY, ETC. | |
| Summary, etc | This core text, now in its second edition, provides an easy-to-read, comprehensive introduction to educational research that will develop your understanding of research strategies, theories and methods, giving you the confidence and enthusiasm to discuss and write about your research effectively. Specifically written for undergraduate education studies students, the book guides you through the process of planning a research project, the different research methods available and how to carry out your research and write it up successfully. Highlighting the theoretical and methodological debates and discussing important ethical and practical considerations, the book is structured to help you tackle all the different aspects of your project from writing your literature review, designing a questionnaire and analysing your data to the final writing up. This new edition is updated throughout with activities, case studies and further reading lists. New chapters include: - Mixed-methods research - Narrative inquiry - Creative and visual research methods - Extended chapter on research with children and vulnerable groups. Part of the Foundations of Education Studies series, this timely new edition is essential reading for students undertaking a research methods course or a piece of educational research. |
| 650 ## - SUBJECT ADDED ENTRY--TOPICAL TERM | |
| Topical term or geographic name as entry element | Education Research. |
| 942 ## - ADDED ENTRY ELEMENTS (KOHA) | |
| Source of classification or shelving scheme | Library of Congress Classification |
| Koha item type | Books |
| Withdrawn status | Lost status | Source of classification or shelving scheme | Damaged status | Home library | Current library | Shelving location | Date acquired | Source of acquisition | Sub Shelving location | Total Checkouts | Full call number | Barcode | Date last seen | Price effective from | Koha item type |
|---|---|---|---|---|---|---|---|---|---|---|---|---|---|---|---|
| Library of Congress Classification | College Library | College Library | Reserve Section | 06/04/2025 | Library Fund | LB 1028 .R47 2025 | C24811 | 08/29/2025 | 08/29/2025 | Books |